书目信息 |
| 题名: |
斗地主高手必胜攻略
|
|
| 作者: | 廖家乐 编著 | |
| 分册: | ||
| 出版信息: | 北京 化学工业出版社 2017 |
|
| 页数: | 166页 | |
| 开本: | 24cm | |
| 丛书名: | ||
| 单 册: | ||
| 中图分类: | G892.1 | |
| 科图分类: | ||
| 主题词: | 扑克--基本知识 | |
| 电子资源: | ||
| ISBN: | 978-7-122-28010-7 | |
| 000 | 00829nam0 2200217 450 | |
| 001 | 329 | |
| 005 | 20180520205557.95 | |
| 010 | @a978-7-122-28010-7@dCNY25.00 | |
| 100 | @a20170215d2017 em y0chiy50 ea | |
| 101 | 0 | @achi |
| 102 | @aCN@b110000 | |
| 105 | @aa z 000yy | |
| 200 | 1 | @a斗地主高手必胜攻略@9dou di zhu gao shou bi sheng gong lue@f廖家乐编著 |
| 210 | @a北京@c化学工业出版社@d2017 | |
| 215 | @a166页@c图@d24cm | |
| 330 | @a本书简要介绍了斗地主的打法,着重讲解了记牌的技巧并给出了强化训练方法。书中对牌型推理、首攻、高级实战技巧等进行了详细的介绍,给出了较多实战案例、残局练习,并根据比赛的经验,归纳出非常实用的牌型推断方法,以期快速提高爱好者的实战水平。 | |
| 606 | 0 | @a扑克@x基本知识 |
| 690 | @aG892.1@v5 | |
| 701 | 0 | @a廖家乐@9liao jia le@4编著 |
| 801 | 0 | @aCN@b91MARC@c20170215 |
| 905 | @aMuseLib@dG892.1@e372 | |
| 斗地主高手必胜攻略/廖家乐编著.-北京:化学工业出版社,2017 |
| 166页:图;24cm |
| ISBN 978-7-122-28010-7:CNY25.00 |
| 本书简要介绍了斗地主的打法,着重讲解了记牌的技巧并给出了强化训练方法。书中对牌型推理、首攻、高级实战技巧等进行了详细的介绍,给出了较多实战案例、残局练习,并根据比赛的经验,归纳出非常实用的牌型推断方法,以期快速提高爱好者的实战水平。 |
| ● |
| 相关链接 |
|
|
|
|
正题名:斗地主高手必胜攻略
索取号:G892.1/372
 
预约/预借
| 序号 | 登录号 | 条形码 | 馆藏地/架位号 | 状态 | 备注 |
| 1 | 1101906 | 211019066 | 第一样本阅览室/ [索取号:G892.1/372] | 在馆 | |
| 2 | 1101907 | 211019075 | 教育系资料室/ [索取号:G892.1/372] | 在馆 | |
| 3 | 1101908 | 211019084 | 教育系资料室/ [索取号:G892.1/372] | 在馆 | |
| 4 | 1101909 | 211019093 | 教育系资料室/ [索取号:G892.1/372] | 在馆 | |
| 5 | 1101910 | 211019100 | 第四借阅区/ [索取号:G892.1/372] | 在馆 | |
| 6 | 1101911 | 211019119 | 第四借阅区/ [索取号:G892.1/372] | 在馆 |